Walded stainless steel pipe and tube from Japan

Gorde:
Xehetasun bibliografikoak
Formatua: Liburua
Hizkuntza:Undetermined
Argitaratua: Washington USITC 1978
Gaiak:
Etiketak: Etiketa erantsi
Etiketarik gabe, Izan zaitez lehena erregistro honi etiketa jartzen!
Thư viện lưu trữ: Trung tâm Học liệu Trường Đại học Cần Thơ
LEADER 00409nam a2200157Ia 4500
001 CTU_99623
008 210402s9999 xx 000 0 und d
082 |a 672.8 
082 |b W443 
245 0 |a Walded stainless steel pipe and tube from Japan 
260 |a Washington 
260 |b USITC 
260 |c 1978 
650 |a Steel pipe 
904 |i Truc 
980 |a Trung tâm Học liệu Trường Đại học Cần Thơ